<?xml version='1.0' encoding='UTF-8'?>
  <record xmlns="http://www.loc.gov/MARC21/slim">
    <leader>00000cem a2200000 i 4500</leader>
    <controlfield tag="001">ocm71495706</controlfield>
    <controlfield tag="003">OCoLC</controlfield>
    <controlfield tag="005">20241221152940.2</controlfield>
    <controlfield tag="007">aj cuuun</controlfield>
    <controlfield tag="008">930910s1752    ne        u     0   dut d</controlfield>
    <datafield tag="040" ind1=" " ind2=" ">
      <subfield code="a">NLGGC</subfield>
      <subfield code="b">dut</subfield>
      <subfield code="e">fobidrtb</subfield>
      <subfield code="c">NLGGC</subfield>
      <subfield code="d">VA@</subfield>
      <subfield code="d">L2U</subfield>
      <subfield code="d">OCLCO</subfield>
      <subfield code="d">OCLCL</subfield>
      <subfield code="d">OCLCQ</subfield>
    </datafield>
    <datafield tag="029" ind1="0" ind2=" ">
      <subfield code="a">NLGGC</subfield>
      <subfield code="b">110463277</subfield>
    </datafield>
    <datafield tag="035" ind1=" " ind2=" ">
      <subfield code="a">(OCoLC)71495706</subfield>
    </datafield>
    <datafield tag="050" ind1="1" ind2="4">
      <subfield code="a">G6000 1752</subfield>
      <subfield code="b">.B2</subfield>
    </datafield>
    <datafield tag="084" ind1=" " ind2=" ">
      <subfield code="a">74.20</subfield>
      <subfield code="2">bcl</subfield>
    </datafield>
    <datafield tag="100" ind1="1" ind2=" ">
      <subfield code="a">Bachiene, Willem Albert,</subfield>
      <subfield code="d">1712-1783,</subfield>
      <subfield code="e">predikant en hoogleraar in de sterre- en aardrijkskunde.</subfield>
      <subfield code="1">https://id.oclc.org/worldcat/entity/E39PCjGcpRbcQgc8TRtXyXjMrm</subfield>
    </datafield>
    <datafield tag="245" ind1="1" ind2="3">
      <subfield code="a">De Zeven Verenigde Nederlanden /</subfield>
      <subfield code="c">afgebeeld door W.A. Bachiene ; J. van Jagen sculp.</subfield>
    </datafield>
    <datafield tag="255" ind1=" " ind2=" ">
      <subfield code="a">[ca. 1:800.000]</subfield>
      <subfield code="c">(O 003 10--O 007 30/N 053 12--N 051 12)</subfield>
    </datafield>
    <datafield tag="260" ind1=" " ind2=" ">
      <subfield code="a">Amsterdam :</subfield>
      <subfield code="b">D. Onder de Linden,</subfield>
      <subfield code="c">[ca. 1752]</subfield>
    </datafield>
    <datafield tag="300" ind1=" " ind2=" ">
      <subfield code="a">1 kaart :</subfield>
      <subfield code="b">kopergravure. ;</subfield>
      <subfield code="c">33 x 43 cm.</subfield>
    </datafield>
    <datafield tag="507" ind1=" " ind2=" ">
      <subfield code="a">Met schaalstok in Hollandse mijlen</subfield>
    </datafield>
    <datafield tag="650" ind1=" " ind2="7">
      <subfield code="a">74.20 geography of The Netherlands.</subfield>
      <subfield code="0">(NL-LeOCL)169910598</subfield>
      <subfield code="2">bcl</subfield>
    </datafield>
    <datafield tag="651" ind1=" " ind2="7">
      <subfield code="a">Nederland.</subfield>
      <subfield code="2">gtt</subfield>
    </datafield>
    <datafield tag="700" ind1="1" ind2=" ">
      <subfield code="a">Jagen, J. van</subfield>
      <subfield code="q">(Jan),</subfield>
      <subfield code="d">c.1710-1800,</subfield>
      <subfield code="e">uitgever, kaartgraveur.</subfield>
    </datafield>
    <datafield tag="710" ind1="0" ind2=" ">
      <subfield code="a">Linden, Dirk onder de (Amsterdam)</subfield>
      <subfield code="4">prt</subfield>
    </datafield>
    <datafield tag="936" ind1=" " ind2=" ">
      <subfield code="a">BATCHLOAD</subfield>
    </datafield>
  </record>